| 000 | 00712nam a22002177a 4500 | ||
|---|---|---|---|
| 999 |
_c11911 _d11911 |
||
| 003 | AR-CdUCM | ||
| 008 | 190405b ||||| |||| 00| 0 spa d | ||
| 040 |
_aMUNICIPALIDAD PROVINCIAL DEL CUSCO _cBIBLIOTECA MUNICIPAL DEL CUSCO |
||
| 082 |
_aES / 373.700 / _bL97 |
||
| 100 |
_aLujan Mansilla, Pedro _929520 |
||
| 245 |
_aEstética : _bArtes Plásticas, Pintura y Dibujo / |
||
| 260 |
_aLima : _bAntonio Lulli. |
||
| 300 |
_a90 páginas ; _bIlustraciones, mapas _c21cm |
||
| 500 | _aEducación secundaria 1ro | ||
| 505 | _aContenido: Educación artística | ||
| 650 |
_aArtes plásticas _927656 |
||
| 650 |
_aDibujo _913086 |
||
| 650 |
_aPintura _93081 |
||
| 942 |
_2ddc _cLIBROS |
||
| 945 |
_anom _d2019-04-05 |
||